000
00227nam a22000857a 4500
100
_a
Jessy, M.D.
245
_a
Indian rubber gaveshanakendram: Maattangal ulkkondu munnott
260
_b
Rubber, 707(April): 14-18.
_c
2025
942
_c
JS
999
_c
75507
_d
75507